000
00249nam a2200097Ia 4500
008
240331s9999 xx 000 0 und d
082
_b
ILA
100
_a
Social Scienc Association. ed
245
0
_a
Illankaiyil Innaththuvamum samuga mattamum
942
_c
L
999
_c
2009
_d
2009